| 000 | 00347nam a2200133Ia 4500 | ||
|---|---|---|---|
| 008 | 210210b1940 xxu||||| |||| 00| 0 eng d | ||
| 082 | _a150/74 | ||
| 100 | _aMONTAGUE, J.F. | ||
| 245 | _aNervous stomach trouble. | ||
| 260 |
_a _bNot Mentioned _c1940 |
||
| 650 | _aStomach nervous trouble Nervous trouble | ||
| 690 | _aPsychology | ||
| 906 | _a001022 | ||
| 999 |
_c77538 _d77538 |
||